الجودة في التعليم العالي / (رقم التسجيلة. 80522)
[ عرض عادي ]
| 000 -الفاتح | |
|---|---|
| حقل البيانات ثابتة الطول | 01039nam a22002297a 4500 |
| 003 - محدد رقم الضبط | |
| رقم الضبط | OSt |
| 005 - وقت وتاريخ اخر تعامل مع التسجيلة | |
| رقم الضبط | 20220629152201.0 |
| 008 - عناصر البيانات ثابتة الطول - معلومات عامة | |
| حقل البيانات ثابتة الطول | 220629b2015 jo ||||g |||| 00| 0 ara d |
| 040 ## - مصدر الفهرسة | |
| وكالة الفهرسة الأصلية | Ma-Un |
| وكالة النسخ | Ma-Un |
| 082 ## - رقم تصنيف ديوى العشرى | |
| رقم الطبعة | 21 |
| رقم التصنيف | 378.1 |
| رقم المادة | أ ن ج |
| 100 ## - المدخل الرئيسى - إسم شخصى | |
| الإسم الشخصى | الاعرجي، نبيل هاشم. |
| 245 ## - بيان العنوان | |
| العنوان | الجودة في التعليم العالي / |
| بيان المسئوليه,etc | نبيل هاشم الاعرجي، حيدر حاتم العجرش، عامر احمد منى. |
| 250 ## - بيان الطبعة | |
| بيان الطبعة | ط. 1. |
| 260 ## - PUBLICATION, DISTRIBUTION, ETC. (IMPRINT) | |
| مكان الناشر او الموزع | عمان، الأردن : |
| اسم الناشر او الموزع | دار الرضوان للنشر والتوزيع، |
| تاريخ النشر أو التوزيع | 2015 |
| تاريخ النشر هجري | 1436 |
| 300 ## - الوصف المادى | |
| التعداد | 256 ص. : |
| تفاصيل ماديه اخرى للوعاء | ايض. ؛ |
| أبعاد الوعاء | 24 سم. |
| 504 ## - تبصرة ببليوجرافية | |
| تبصرة ببليوجرافية,الخ | يشتمل على قائمة ببليوجرافية. |
| 650 ## - المدخل الاضافى بالموضوع-مصطلح موضوعى | |
| مصطلح موضوعي أو اسم جغرافي كعنصر مدخل | التعليم العالي. |
| التقسيم الفرعي العام | تنظيم و ادارة. |
| 650 ## - المدخل الاضافى بالموضوع-مصطلح موضوعى | |
| مصطلح موضوعي أو اسم جغرافي كعنصر مدخل | التعليم العالي. |
| التقسيم الفرعي العام | ضبط الجودة. |
| 700 ## - المدخل الاضافى - اسم شخصى | |
| الإسم الشخصى | العجرش، حيدر حاتم فالح. |
| الدور | م. مشارك. |
| 700 ## - المدخل الاضافى - اسم شخصى | |
| الإسم الشخصى | منى، عامر احمد غازي. |
| الدور | م. مشارك. |
| 952 ## - LOCATION AND ITEM INFORMATION (KOHA) | |
| نوع المادة فى نظام كوها | كتاب |
| 952 ## - LOCATION AND ITEM INFORMATION (KOHA) | |
| نوع المادة فى نظام كوها | كتاب |
| 952 ## - LOCATION AND ITEM INFORMATION (KOHA) | |
| نوع المادة فى نظام كوها | كتاب |
| 952 ## - LOCATION AND ITEM INFORMATION (KOHA) | |
| نوع المادة فى نظام كوها | كتاب |
| 952 ## - LOCATION AND ITEM INFORMATION (KOHA) | |
| نوع المادة فى نظام كوها | كتاب |
| 952 ## - LOCATION AND ITEM INFORMATION (KOHA) | |
| نوع المادة فى نظام كوها | كتاب |
| 952 ## - LOCATION AND ITEM INFORMATION (KOHA) | |
| نوع المادة فى نظام كوها | كتاب |
| 952 ## - LOCATION AND ITEM INFORMATION (KOHA) | |
| نوع المادة فى نظام كوها | كتاب |
| 952 ## - LOCATION AND ITEM INFORMATION (KOHA) | |
| نوع المادة فى نظام كوها | كتاب |
| 942 ## - | |
| -- | ddc |
| -- | BOOK |
| حالة الفقد | نموذج السعر الفعال | حالة تلف | ليس للاعارة | تاريخ الاكتساب | رقم الطلب | تاريخ الاكتساب | الموقع الحالي | الباركود | الفرع الرئيسي | Date last seen | مصدر التصنيف او خطة الترفيف | Total Checkouts |
|---|---|---|---|---|---|---|---|---|---|---|---|---|
| 2022-06-29 | Not For Loan | 2022-06-29 | 378.1 أ ن ج | 2022-06-29 | CL | 00177512 | المكتبة المركزية بالمجمعة (CL) | 2022-06-29 | Dewey Decimal Classification | |||
| 2022-06-29 | 2022-06-29 | 378.1 أ ن ج | 2022-06-29 | CL | 00177513 | المكتبة المركزية بالمجمعة (CL) | 2022-06-29 | Dewey Decimal Classification | ||||
| 2022-06-29 | 2022-06-29 | 378.1 أ ن ج | 2022-06-29 | CL | 00177514 | المكتبة المركزية بالمجمعة (CL) | 2022-06-29 | Dewey Decimal Classification | ||||
| 2022-06-29 | Not For Loan | 2022-06-29 | 378.1 أ ن ج | 2022-06-29 | EMF | 00177517 | مكتبة مجمع الطالبات بالمجمعة (EMF) | 2022-06-29 | Dewey Decimal Classification | |||
| 2022-06-29 | 2022-06-29 | 378.1 أ ن ج | 2022-06-29 | EMF | 00177518 | مكتبة مجمع الطالبات بالمجمعة (EMF) | 2022-06-29 | Dewey Decimal Classification | ||||
| 2022-06-29 | Not For Loan | 2022-06-29 | 378.1 أ ن ج | 2022-06-29 | EZF | 00177515 | مكتبة كلية التربية بالزلفى - طالبات (EZF) | 2022-06-29 | Dewey Decimal Classification | |||
| 2022-06-29 | 2022-06-29 | 378.1 أ ن ج | 2022-06-29 | EZF | 00177516 | مكتبة كلية التربية بالزلفى - طالبات (EZF) | 2022-06-29 | Dewey Decimal Classification | ||||
| 2022-09-10 | Not For Loan | 2022-09-10 | 378.1 أ ن ج | 2022-09-10 | SZM | 00196127 | مكتبة مجمع الكليات بالزلفى - طلاب (SZM) | 2022-09-10 | Dewey Decimal Classification | |||
| 2022-09-10 | 2022-09-10 | 378.1 أ ن ج | 2022-09-10 | SZM | 00196128 | مكتبة مجمع الكليات بالزلفى - طلاب (SZM) | 2022-09-10 | Dewey Decimal Classification |
